000 00568nam a2200229Ia 4500
003 OSt
005 20221005130714.0
006 a|||||r|||| 00| 0
007 ta
008 221004b |||||||| |||| 00| 0 mal d
024 _a61615
037 _cTextual
040 _aCRL
_cCRL
_bmal
041 _2mal
_amal
082 _aO32,1NRA1,1, K0
100 _aRaghavan Au.
_9604088
245 0 _aSainata
260 _c1960
650 _aMALAYALAM POETRY
_9185636
942 _hO32,1NRA1,1, K0
_cTEXL
_2cc
999 _c1058121
_d1058121